KOHA-Header-6

Deja Review Biochemistry (Record no. 1643)

000 -LEADER
fixed length control field 00319nam a2200133Ia 4500
008 - FIXED-LENGTH DATA ELEMENTS--GENERAL INFORMATION
fixed length control field 190723s9999 xx 000 0 und d
020 ## - INTERNATIONAL STANDARD BOOK NUMBER
International Standard Book Number 978-0-07-162717-7
100 ## - MAIN ENTRY--PERSONAL NAME
Personal name Saad M. Manzoul
245 #0 - TITLE STATEMENT
Title Deja Review Biochemistry
250 ## - EDITION STATEMENT
Edition statement 2nd
260 ## - PUBLICATION, DISTRIBUTION, ETC. (IMPRINT)
Place of publication, distribution, etc New york
Name of publisher, distributor, etc McGraw Hill
Date of publication, distribution, etc 2010
300 ## - PHYSICAL DESCRIPTION
Extent 206.:p
942 ## - ADDED ENTRY ELEMENTS (KOHA)
Koha item type Books
Holdings
Withdrawn status Lost status Damaged status Not for loan Permanent Location Current Location Shelving location Date acquired Full call number Barcode Date last seen Price effective from Koha item type
        MAJU MAJU Shelf No.A36 2019-07-23 572.007 8266 2019-07-23 2019-07-23 Bio Science

Powered by Koha